PALESTRA DEL CLERO. XV GENNAIO 1963. RIVISTA DI CULTURA E PRATICA ECCLESIASTICA. (Record n. 323557)
[ formato base ]
| 000 -LEADER | |
|---|---|
| fixed length control field | 01929nas a2200265Ia 4500 |
| 001 - CONTROL NUMBER | |
| control field | R262-R5217 |
| 003 - CONTROL NUMBER IDENTIFIER | |
| control field | IT-CnALBA |
| 008 - FIXED-LENGTH DATA ELEMENTS--GENERAL INFORMATION | |
| fixed length control field | 170116c99999999xx |||||||||||| ||und|| |
| 040 ## - CATALOGING SOURCE | |
| Original cataloging agency | IT-CnALBA |
| Transcribing agency | IT-CnALBA |
| 041 ## - LANGUAGE CODE | |
| Language code of text/sound track or separate title | ITALIANO |
| 999 ## - SYSTEM CONTROL NUMBERS (KOHA) | |
| Koha Dewey Subclass [OBSOLETE] | NO |
| 100 ## - MAIN ENTRY--PERSONAL NAME | |
| Personal name | CENACCHI GIUSEPPE |
| 210 ## - ABBREVIATED TITLE | |
| Abbreviated title | PALESTRA DEL CLERO |
| 222 ## - KEY TITLE | |
| Key title | PALESTRA DEL CLERO |
| 245 #0 - TITLE STATEMENT | |
| Title | PALESTRA DEL CLERO. XV GENNAIO 1963. RIVISTA DI CULTURA E PRATICA ECCLESIASTICA. |
| 250 ## - EDITION STATEMENT | |
| Edition statement | 1a ed. |
| 260 ## - PUBLICATION, DISTRIBUTION, ETC. (IMPRINT) | |
| Place of publication, distribution, etc. | PA ROV. BELL. |
| Name of publisher, distributor, etc. | ISTIT. VEN. ARTI GRAF. |
| Date of publication, distribution, etc. | 1963 [1° Ed.:1963 - Ed.Ling.Originale: 1963] |
| 310 ## - CURRENT PUBLICATION FREQUENCY | |
| Current publication frequency | QUINDICINALE |
| 362 ## - DATES OF PUBLICATION AND/OR SEQUENTIAL DESIGNATION | |
| Dates of publication and/or sequential designation | Fascicolo: 2 / Anno: 42 (1963) |
| 500 ## - GENERAL NOTE | |
| General note | PEDAGOGIA, VOCAZIONE ALLO STATO ECCLESIASTICO SECONDO I DOCUMENTI DEL MAGISTERO DELLA CHIESA. DIRITTO CANONICO, L'ORDINARIO DEL LUOGO DEI CANONI DXXII DXXIII, ROSSI L. ATTUALITÀ, ALLARME GIUSTIFICATO, GISMONDI G. PASTORALE, I PROBLEMI DEI SAGRESTANI, BABBINI L. L'INSEGNANTE DI RELIGIONE E LO SCIOPRRO, TALIERGIO G. LETTERA AD UN SACERDOTE, CONTE S. ETNOGRAFIA, LA SIDERURGIA PRESSO I SANDÈ DELL'AFRICA EQUATORIALE, NEGRISOLO A. PALESTRA LETTORI. INTERPRETAZIONE MORALISTICA DEL TESTO DELLO PSEUDO DIONIGI SULLA FINE TERRENA DELLA VERGINE. |
| 501 ## - WITH NOTE | |
| With note | Società San Paolo EM - Piazza San Paolo, 14 - 12051 ALBA (CN) (non commercial uses only) ® Copyright 2017 |
| 520 ## - SUMMARY, ETC. | |
| Summary, etc. | PEDAGOGIA, VOCAZIONE ALLO STATO ECCLESIASTICO SECONDO I DOCUMENTI DEL MAGISTERO DELLA CHIESA. DIRITTO CANONICO, L'ORDINARIO DEL LUOGO DEI CANONI DXXII DXXIII, ROSSI L. ATTUALITÀ, ALLARME GIUSTIFICATO, GISMONDI G. PASTORALE, I PROBLEMI DEI SAGRESTANI, BABBINI L. L'INSEGNANTE DI RELIGIONE E LO SCIOPRRO, TALIERGIO G. LETTERA AD UN SACERDOTE, CONTE S. ETNOGRAFIA, LA SIDERURGIA PRESSO I SANDÈ DELL'AFRICA EQUATORIALE, NEGRISOLO A. PALESTRA LETTORI. INTERPRETAZIONE MORALISTICA DEL TESTO DELLO PSEUDO DIONIGI SULLA FINE TERRENA DELLA VERGINE. |
| 650 ## - SUBJECT ADDED ENTRY--TOPICAL TERM | |
| Topical term or geographic name as entry element | ECCLESIOLOGIA |
| 942 ## - ADDED ENTRY ELEMENTS (KOHA) | |
| Koha item type | RIVISTA |
| 957 ## - | |
| -- | 1 |
| 999 ## - SYSTEM CONTROL NUMBERS (KOHA) | |
| -- | 1 |
| Withdrawn status | Lost status | Damaged status | Not for loan | Home library | Current library | Date acquired | Total Checkouts | Full call number | Date last seen | Price effective from | Koha item type | Public note |
|---|---|---|---|---|---|---|---|---|---|---|---|---|
| Buone Condizioni | Not For Loan | ALBA - Biblioteca | ALBA - Biblioteca | 16/01/2017 | R262-R5217 | 16/01/2017 | 16/01/2017 | RIVISTA | (data import: 16 gennaio 2017) - By Epidotti, Vaglietti. |